000 00429nam a2200157Ia 4500
008 240729s9999 xx 000 0 und d
022 _a2279-9036
245 0 _aJournal of Public Health Research
260 _aUnited Kingdom
260 _bSAGE Publishing
650 _a Public aspects of medicine
650 _aMedicine
856 _uhttps://doaj.org/toc/a564f2d286034f679e5407507c2b428d
942 _2ddc
942 _cDOAJEJ
999 _c67521
_d67521
945 _a1
_bMadushi Gamage
_c1
_dMadushi Gamage